书目信息 |
| 题名: |
高级财务会计
|
|
| 作者: | 杨有红 主编 | |
| 分册: | ||
| 出版信息: | 北京 中央广播电视大学出版社 08/01/07 |
|
| 页数: | 378页 | |
| 开本: | 20cm | |
| 丛书名: | ||
| 单 册: | ||
| 中图分类: | F234.4 | |
| 科图分类: | ||
| 主题词: | 会计 | |
| 电子资源: | ||
| ISBN: | 978-7-304-02151-1 | |
| 000 | 00590nam0 2200217 45 | |
| 001 | 0932500025 | |
| 005 | 20091018090327.34 | |
| 010 | @a978-7-304-02151-1@dCNY46.00 | |
| 100 | @a20090515d08/0 ekmy0 y0120 ea | |
| 102 | @aCN@b130000 | |
| 102 | @aCN@b110000 | |
| 105 | @ay z 000yy | |
| 200 | 1 | @a高级财务会计@f杨有红 主编@Fyang you hong zhu bian |
| 210 | @a北京@c中央广播电视大学出版社@d08/01/07 | |
| 215 | @a378页@d20cm | |
| 606 | 0 | @a会计 |
| 690 | @aF234.4@v4 | |
| 701 | 0 | @a杨有红@Ayang you hong@4主编 |
| 801 | 0 | @aCN@c20091018 |
| 905 | @a10447@dF234.4@eY320 | |
| 906 | @d46@n3@r1 | |
| 高级财务会计/杨有红 主编.-北京:中央广播电视大学出版社,08/01/07 |
| 378页;20cm |
| ISBN 978-7-304-02151-1:CNY46.00 |
| ● |
| 相关链接 |
|
|
|
正题名:高级财务会计
索取号:F234.4/Y320
 
预约/预借
| 序号 | 登录号 | 条形码 | 馆藏地/架位号 | 状态 | 备注 |
| 1 | 895291 | 208952917 | 社科二线422/409社科库 78排1列5层/ [索取号:F234.4/Y320] | 在馆 | |
| 2 | 895292 | 208952926 | 社科二线422/409社科库 78排1列5层/ [索取号:F234.4/Y320] | 在馆 | |
| 3 | 895293 | 208952935 | 社科库409/400B社科库 3排3列3层/ [索取号:F234.4/Y320] | 在馆 |